Norse Mythology Trivia - Statistics

General Stats
  • This quiz has been taken 1,422 times
  • The average score is 11 of 17
Answer Stats
Clue Answer % Correct
Thor's tool and weapon, Mjølnir, is a... Hammer
97%
Residence of the Norse gods Asgård
91%
The end of the world Ragnarok
91%
Female figures who bring slain vikings to the afterlife Valkyries
86%
The name of the underworld as well as its ruler Hel
85%
The hall of Odin Valhalla
78%
Tuesday is named for this one-armed god of war Tyr
74%
Fruit eaten by the gods to keep them young Golden apples
73%
Hugin and Munin are this type of animal Raven
69%
The preferred alcoholic drink of the Norse gods Mead
67%
Natural phenomenon named Bifrost Rainbow
61%
Goddess whose cart was supposedly pulled by cats Freya
58%
God killed by an arrow made of mistletoe Balder
54%
God who is the son of nine sisters and who can hear grass grow Heimdall
34%
A winter lasting 3 years, which signifies the beginning of the end of the world Fimbul
31%
Særimner, an eternal source of food to the gods, is this type of animal Pig
31%
This is pulled by the steed Skinfaxi The Sun
14%
No matching quizzes found
Score Distribution
Percent of People with Each Score
Percentile by Number Answered
Your Score History
You have not taken this quiz